Soziologische Handlungstheorie
| Titel: | Soziologische Handlungstheorie : Eine Einführung / von Bernhard Miebach |
|---|---|
| Verfasser: | |
| Ausgabe: | 5th ed. 2022 |
| Veröffentlicht: | Wiesbaden : Springer Fachmedien Wiesbaden, 2022 |
| Umfang: | 1 Online-Ressource (XX, 773 Seiten) : 207 Abb. |
| Format: | E-Book |
| Sprache: | Deutsch |
| RVK-Notation: |
·
|
| Andere Ausgaben: |
Erscheint auch als Druck-Ausgabe: Miebach, Bernhard. Soziologische Handlungstheorie. - Wiesbaden : Springer Fachmedien Wiesbaden, 2022
|
| ISBN: | 9783658344221 ; 3658344229 ; 9783658344214 |
| Hinweise zum Inhalt: |
Inhaltsverzeichnis
Ausführliche Beschreibung |
alg: 49133004 001A $06055:02-03-22 001B $01999:17-08-22 $t23:10:52.000 001D $06055:02-03-22 001U $0utf8 001X $00 002@ $0Oax 002C $aText $btxt $2rdacontent 002D $aComputermedien $bc $2rdamedia 002E $aOnline-Ressource $bcr $2rdacarrier 003@ $0491330049 004A $A978-3-658-34422-1 004A $03-658-34422-9 004E/04 $0SpringerNature-41209 $fSubject Collection Social Science and Law (German Language) 004O $A978-3-658-34421-4 $Sp 004P $010.1007/978-3-658-34422-1 $SV157 007A $0491330049 $aHEB 007I $0Springer978-3-658-34422-1 009P $qtext/html $3Inhaltsverzeichnis $uhttp://scans.hebis.de/HEBCGI/show.pl?49133004_toc.html $mX:DE-He213 009P $qtext/html $3Ausführliche Beschreibung $uhttp://scans.hebis.de/HEBCGI/show.pl?49133004_aub.html $mX:DE-He213 009Q $SV157 $uhttps://doi.org/10.1007/978-3-658-34422-1 $xR 010@ $ager 010E $erda 011@ $a2022 013D $RFachbuch $RSchulbuch $#Lehrbuch $#Kompendium Lehrbuch $74123623-3 $8Lehrbuch [Ts1] $908540926X 017B $aZDB-2-SZR 021A $aSoziologische Handlungstheorie $dEine Einführung $hvon Bernhard Miebach 028A $aMiebach $BVerfasser $dBernhard $4aut 032@ $a5th ed. 2022 033A $pWiesbaden $nSpringer Fachmedien Wiesbaden 033E $pCham $nSpringer International Publishing AG 034D $a1 Online-Ressource (XX, 773 Seiten) 034M $a207 Abb. 039D $aErscheint auch als $tSoziologische Handlungstheorie $dWiesbaden $eSpringer Fachmedien Wiesbaden $f2022 $z978-3-658-34421-4 $lMiebach, Bernhard $nDruck-Ausgabe 044A $aSociology $S#0 $N650 044A $aAction theory $S#0 $N650 044A $aSociological Theory $S14 $N650 044A $aAction Theory $S24 $N650 044K $RHandlung $RTätigkeitspsychologie $#Action theory $#Théorie de l'action $#Acción, Teoría de la $#Handlungstheorie $#Aktionstheorie $74113844-2 $8Handlungstheorie [Ts1] $9085338222 044K $RWirklichkeitswissenschaft $#Sociology $#Sociologie $#Sociologia $#Sociología $#sociology $#Sociology $#Soziologie $#soziologische Theorie $#Soziologie $#Gesellschaftslehre $#allgemeine Soziologie $#Allgemeine Soziologie $#Gesellschaftslehre Soziologie $#Gesellschaft Theorie $#Gesellschaftstheorie $#Sozialtheorie $#Soziallehre Soziologie $74077624-4 $8Soziologie [Tsz] $9085220019 045B $a301.01 $eDDC23eng 045E $c300 045Z $8MR 5150 [Tkv] $9410832340 045Z $8MQ 1400 [Tkv] $941083114X 047A $aSacherschließung maschinell aus paralleler Ausg. übernommen lok: 49133004 3 101B $003-03-22 $t08:07:44.000 101C $003-03-22 101U $0utf8 145S/01 $a009 exp: 49133004 3 1 #EPN 201B/01 $003-03-22 $t08:07:44.000 201C/01 $002-03-22 201U/01 $0utf8 203@/01 $01183932138 204P/01 $010.1007/978-3-658-34422-1 $SV157 208@/01 $a02-03-22 $bl 209B/01 $a502 $x05 lok: 49133004 5 exp: 49133004 5 1 #EPN 201B/01 $002-03-22 $t23:43:48.000 201C/01 $002-03-22 201U/01 $0utf8 203@/01 $01183932146 204P/01 $010.1007/978-3-658-34422-1 $SV157 208@/01 $a02-03-22 $bl lok: 49133004 8 exp: 49133004 8 1 #EPN 201B/01 $002-03-22 $t23:04:31.719 201C/01 $002-03-22 201U/01 $0utf8 203@/01 $01183932154 204P/01 $010.1007/978-3-658-34422-1 $SV157 208@/01 $a02-03-22 $bl lok: 49133004 10 exp: 49133004 10 1 #EPN 201B/01 $002-03-22 $t23:04:31.722 201C/01 $002-03-22 201U/01 $0utf8 203@/01 $01183932162 204P/01 $010.1007/978-3-658-34422-1 $SV157 208@/01 $a02-03-22 $bl lok: 49133004 11 exp: 49133004 11 1 #EPN 201B/01 $002-03-22 $t23:04:31.725 201C/01 $002-03-22 201U/01 $0utf8 203@/01 $01183932170 204P/01 $010.1007/978-3-658-34422-1 $SV157 208@/01 $a02-03-22 $bl lok: 49133004 20 exp: 49133004 20 1 #EPN 201B/01 $002-03-22 $t23:04:31.728 201C/01 $002-03-22 201U/01 $0utf8 203@/01 $01183932189 204P/01 $010.1007/978-3-658-34422-1 $SV157 208@/01 $a02-03-22 $bl lok: 49133004 21 exp: 49133004 21 1 #EPN 201B/01 $002-03-22 $t23:04:31.730 201C/01 $002-03-22 201U/01 $0utf8 203@/01 $01183932197 204P/01 $010.1007/978-3-658-34422-1 $SV157 208@/01 $a02-03-22 $bl lok: 49133004 23 exp: 49133004 23 1 #EPN 201B/01 $002-03-22 $t23:04:31.734 201C/01 $002-03-22 201U/01 $0utf8 203@/01 $01183932200 204P/01 $010.1007/978-3-658-34422-1 $SV157 208@/01 $a02-03-22 $bl lok: 49133004 25 exp: 49133004 25 1 #EPN 201B/01 $002-03-22 $t23:04:31.736 201C/01 $002-03-22 201U/01 $0utf8 203@/01 $01183932219 204P/01 $010.1007/978-3-658-34422-1 $SV157 208@/01 $a02-03-22 $bl lok: 49133004 204 exp: 49133004 204 1 #EPN 201B/01 $002-03-22 $t23:04:31.739 201C/01 $002-03-22 201U/01 $0utf8 203@/01 $01183932227 204P/01 $010.1007/978-3-658-34422-1 $SV157 208@/01 $a02-03-22 $bl lok: 49133004 205 exp: 49133004 205 1 #EPN 201B/01 $023-05-22 $t14:29:54.000 201C/01 $031-03-22 201U/01 $0utf8 203@/01 $01188932004 204P/01 $010.1007/978-3-658-34422-1 $SV157 208@/01 $a23-05-22 $bla 209B/01 $aebo $x05 209B/01 $assr $x06 209C/01 $anel2205mn
| LEADER | 00000cam a22000002c 4500 | ||
|---|---|---|---|
| 001 | 491330049 | ||
| 003 | DE-603 | ||
| 005 | 20220817231052.0 | ||
| 007 | cr|||||||||||| | ||
| 008 | 220302s2022 xx |||| o| u00||u|ger c | ||
| 020 | |a 9783658344221 | ||
| 020 | |a 3658344229 | ||
| 024 | 7 | |a 10.1007/978-3-658-34422-1 |2 doi | |
| 028 | 5 | 2 | |a SpringerNature-41209 |
| 035 | |a (DE-599)HEB491330049 | ||
| 040 | |a DE-603 |b ger |c DE-603 |d DE-603 |e rda | ||
| 041 | |a ger | ||
| 082 | 7 | |a 301.01 |2 23/eng | |
| 084 | |a 300 |q DE-101 |2 sdnb | ||
| 084 | |a MR 5150 |0 (DE-625)123511: |0 (DE-603)410832340 |2 rvk | ||
| 084 | |a MQ 1400 |0 (DE-625)123413: |0 (DE-603)41083114X |2 rvk | ||
| 100 | 1 | |a Miebach, Bernhard |e Verfasser |4 aut | |
| 245 | 0 | 0 | |a Soziologische Handlungstheorie |b Eine Einführung |c von Bernhard Miebach |
| 250 | |a 5th ed. 2022 | ||
| 264 | 1 | |a Wiesbaden |b Springer Fachmedien Wiesbaden |c 2022 | |
| 264 | 2 | |a Cham |b Springer International Publishing AG | |
| 300 | |a 1 Online-Ressource (XX, 773 Seiten) |b 207 Abb. | ||
| 336 | |a Text |b txt |2 rdacontent | ||
| 337 | |a Computermedien |b c |2 rdamedia | ||
| 338 | |a Online-Ressource |b cr |2 rdacarrier | ||
| 650 | 7 | |a Handlungstheorie |0 (DE-588)4113844-2 |0 (DE-603)085338222 |2 gnd | |
| 650 | 7 | |a Soziologie |0 (DE-588)4077624-4 |0 (DE-603)085220019 |2 gnd | |
| 655 | 7 | |a Lehrbuch |2 gnd-content |0 (DE-588)4123623-3 |0 (DE-603)08540926X | |
| 776 | 0 | 8 | |i Erscheint auch als |n Druck-Ausgabe |a Miebach, Bernhard |t Soziologische Handlungstheorie |d Wiesbaden : Springer Fachmedien Wiesbaden, 2022 |z 9783658344214 |
| 776 | 1 | |z 9783658344214 | |
| 856 | |u https://doi.org/10.1007/978-3-658-34422-1 |x Resolving-System | ||
| 856 | 4 | 2 | |m X:DE-He213 |q text/html |u http://scans.hebis.de/HEBCGI/show.pl?49133004_toc.html |3 Inhaltsverzeichnis |
| 856 | 4 | 2 | |m X:DE-He213 |q text/html |u http://scans.hebis.de/HEBCGI/show.pl?49133004_aub.html |3 Ausführliche Beschreibung |
| 912 | |a ZDB-2-SZR | ||
| 924 | 1 | |9 603 |a (DE-603)1183932138 |b DE-603 |c HES |d d | |
| 924 | 1 | |9 603 |a (DE-603)1183932146 |b DE-603 |c HES |d d | |
| 924 | 1 | |9 603 |a (DE-603)1183932154 |b DE-603 |c HES |d d | |
| 924 | 1 | |9 603 |a (DE-603)1183932162 |b DE-603 |c HES |d d | |
| 924 | 1 | |9 603 |a (DE-603)1183932170 |b DE-603 |c HES |d d | |
| 924 | 1 | |9 603 |a (DE-603)1183932189 |b DE-603 |c HES |d d | |
| 924 | 1 | |9 603 |a (DE-603)1183932197 |b DE-603 |c HES |d d | |
| 924 | 1 | |9 603 |a (DE-603)1183932200 |b DE-603 |c HES |d d | |
| 924 | 1 | |9 603 |a (DE-603)1183932219 |b DE-603 |c HES |d d | |
| 924 | 1 | |9 603 |a (DE-603)1183932227 |b DE-603 |c HES |d d | |
| 924 | 1 | |9 603 |a (DE-603)1188932004 |b DE-603 |c HES |d d | |